القضاء والقدر في الإسلام / (رقم التسجيلة. 18642)

تفاصيل مارك
000 -الفاتح
عناصر البيانات ثابتة الطول 00643cam a2200181 i 4500
005 - تاريخ ووقت آخر معاملة
حقل ضبط 20251202093911.0
008 - عناصر البيانات ثابتة الطول
عناصر البيانات ثابتة الطول 250721s9999 ua gr 000 0 ara d
082 14 - رقم تصنيف ديوي العشري
رقم التصنيف 214
رقم المادة د س و
100 1# - مدخل رئيسي – اسم شخصي
الاسم الشخصي دسوقي، فاروق أحمد
علاقة الشخص بالعمل/ دوره مؤلف.
245 10 - بيان العنوان
العنوان القضاء والقدر في الإسلام /
بيان المسؤولية دكتور فاروق احمد دسوقي.
264 31 - بيانات النشر، التوزيع…إلخ
مكان النشر، التوزيع...إلخ الإسكندريه :
اسم الناشر، الموزع...إلخ دار الدعوة،
تاريخ النشر، التوزيع...إلخ [بين 1900 و1990].
300 ## - الوصف المادي
عدد الوحدات المكونة للوعاء الجزء الثالث.
650 17 - مدخل إضافي بالموضوع - مصطلح موضوعي
مصطلح موضوعي أو اسم جغرافي كعنصر مدخل الإسلام.
650 17 - مدخل إضافي بالموضوع - مصطلح موضوعي
مصطلح موضوعي أو اسم جغرافي كعنصر مدخل أصول الدين الإسلامي.
650 17 - مدخل إضافي بالموضوع - مصطلح موضوعي
مصطلح موضوعي أو اسم جغرافي كعنصر مدخل التوحيد.
942 ## - بيانات إضافية (كوها)
نوع التنصيف Dewey Decimal Classification
نوع المادة (كوها) كتب
المقتنيات
حالة السحب حالة الفقدان مصدر التصنيف حالة التلف غير قابل للإعارة المكتبة الرئيسية المكتبة الحالية موقع الرف تاريخ التزويد الرقم المتسلسل Total Checkouts رقم الإستدعاء الباركود تاريخ آخر ظهور تاريخ الفاتورة نوع المادة (كوها)
    Dewey Decimal Classification     المكتبة المركزية المكتبة المركزية الإعارة 06/07/2004 136224   214 / د س و 136224 28/07/2025 06/07/2004 كتب
    Dewey Decimal Classification     مكتبة النصر العامة مكتبة النصر العامة الإعارة 29/10/2014 2443.   214/دسو PLD00308896 28/07/2025 29/10/2014 كتب
    Dewey Decimal Classification     مكتبة النصر العامة مكتبة النصر العامة الإعارة 29/10/2014 2444.   214/دسو PLD00308913 28/07/2025 29/10/2014 كتب
    Dewey Decimal Classification     مكتبة النصر العامة مكتبة النصر العامة الإعارة 10/11/2014 [2442]   214/دسو PLD00309983 28/07/2025 10/11/2014 كتب
Implemented & Customized by: BBB with SCIT (Smart Chains for Information Technology)

Powered by Koha